000 00607nam a22001817a 4500
003 UA-OsUOA
001 18628
007 ta
008 20040526b un ||||| |||| 00| 0 ukr d
100 _aРозенко М.
942 _cSA
040 _aUA-OsUOA
_cUA-OsUOA
_dUA-OsUOA
245 _aОхоронець Наталі- Марії Фарини
_b[Розмова із засл. артисткою України , доцентом М.Фариною]
300 _aС.15
955 _a0
773 0 _w0
_tПанорама
_dРівне
_d2004
_g№20/21 трав./
650 7 _aКраєзнавча робота
_2UDC
999 _c304799
_d304799